Вып. 20; Физика и техника высоких давлений

Библиографические подробности
Источник:Физика и техника высоких давлений: республиканский межведомственный сборник научных трудов/ Академия наук Украинской ССР, Донецкий физико-технический институт. Вып. 20.— , 1980-1990
Другие авторы: Ковтун Н. М. (редактор)
Язык:русский
Опубликовано: 1985
Предметы:
Формат: MixedMaterials Книга
Запись в KOHA:https://koha.lib.tpu.ru/cgi-bin/koha/opac-detail.pl?biblionumber=274988

MARC

LEADER 00000nam2a2200000 4500
001 274988
005 20231101234800.0
035 |a (RuTPU)RU\TPU\book\298217 
035 |a RU\TPU\book\295071 
090 |a 274988 
100 |a 20141111d1985 k y0rusy5003 ca 
101 0 |a rus 
102 |a UA 
105 |a a z 001zy 
200 0 |a Вып. 20  |f отв. ред. Н. М. Ковтун 
210 |d 1985 
215 |a 95 с.  |c ил. 
320 |a Библиогр. в конце статей 
461 1 |0 (RuTPU)RU\TPU\book\129633  |t Физика и техника высоких давлений  |o республиканский межведомственный сборник научных трудов  |f Академия наук Украинской ССР, Донецкий физико-технический институт  |v Вып. 20  |d 1980-1990 
606 1 |a Давления высокие  |x (физика)  |2 stltpush  |3 (RuTPU)RU\TPU\subj\4802  |9 33017 
610 1 |a металлы 
610 1 |a сплавы 
610 1 |a материалы 
610 1 |a магнитные свойства 
610 1 |a электронная структура 
610 1 |a фазовые диаграммы 
610 1 |a фазовые превращения 
610 1 |a гексаферриты 
610 1 |a силициды 
610 1 |a сверхпроводящие твердые растворы 
610 1 |a кристаллизация 
610 1 |a углеродные материалы 
610 1 |a сталь 
675 |a 539.89  |v 4 
702 1 |a Ковтун  |b Н. М.  |4 340 
801 0 |a RU  |b 63413507  |c 19950417  |g psbo 
801 1 |a RU  |b 63413507  |c 20070730  |g PSBO 
801 2 |a RU  |b 63413507  |c 20170328  |g PSBO 
942 |c BK